| 000 | 00380nam a2200157Ia 4500 | ||
|---|---|---|---|
| 008 | 221030s9999 xx 000 0 und d | ||
| 020 | _a0070993831 | ||
| 041 | _aEnglish | ||
| 082 |
_a105.23 _bJon |
||
| 100 | _aB. E. Jones | ||
| 245 | 0 |
_aInstrumentation Measurement & Feedback _cby B. E. Jones |
|
| 260 |
_bTMH _aNew Delhi _c2002 |
||
| 300 | _a283 | ||
| 650 | _aECE | ||
| 942 | _cBK | ||
| 999 |
_c8287 _d8287 |
||